banner-ar

الحياة على الاراضى الخضراء / (Record no. 60843)

MARC details
000 -الفاتح
حقل البيانات ثابتة الطول 01098nam a22002657a 4500
005 - وقت وتاريخ اخر تعامل مع التسجيلة
رقم الضبط 20240530110431.0
008 - عناصر البيانات ثابتة الطول - معلومات عامة
حقل البيانات ثابتة الطول 150331s2011 ua bo a 000 0 ara d
017 ## - رقم الايداع القانونى
رقم الايداع القانونى 2010/15357
المصدر ( الهيئة المختصة) مصر . دار الكتب المصرية
020 ## - الرقم الدولى المعيارى للكتب
الرقم الدولى المعيارى للكتاب 9789774556309
040 ## - مصدر الفهرسة
وكالة الفهرسة الأصلية EG-CaGPL
082 04 - رقم تصنيف ديوى العشرى
رقم الطبعة 21
رقم التصنيف 551
رقم المادة ط/د ك
100 1# - المدخل الرئيسى - إسم شخصى
الإسم الشخصى شامبرز ، كاثرين
الشكل الأكمل للاسم كاثرين شامبرز
245 12 - بيان العنوان
العنوان الحياة على الاراضى الخضراء /
بيان المسئوليه,etc تاليف كاثرين شامبرز ؛ ترجمة قسم الترجمة بدار الفاروق للاستثمارات الثقافية
250 ## - بيان الطبعة
بيان الطبعة ط1
260 ## - PUBLICATION, DISTRIBUTION, ETC. (IMPRINT)
تاريخ النشر أو التوزيع 2011 .
300 ## - الوصف المادى
التعداد 32 ص :
تفاصيل ماديه اخرى للوعاء ايض ؛
أبعاد الوعاء 22 سم
490 0# - بيان السلسلة
عنوان السلسلة كوكب الارض
650 04 - المدخل الاضافى بالموضوع-مصطلح موضوعى
مصطلح موضوعي الحشائش
650 04 - المدخل الاضافى بالموضوع-مصطلح موضوعى
مصطلح موضوعي الفراشات
650 04 - المدخل الاضافى بالموضوع-مصطلح موضوعى
مصطلح موضوعي المناخ
650 04 - المدخل الاضافى بالموضوع-مصطلح موضوعى
مصطلح موضوعي النسور
710 2# - المدخل الاضافى - اسم هيئه
اسم الهيئة أو اسم السلطة كمدخل قسم الترجمة بدار الفاروق للاستثمارات الثقافية
الدور مترجم
942 ## - عناصر المدخل الإضافي( كوها)
مصدر التصنيف او مخطط الترفيف Dewey Decimal Classification
Koha [default] item type كتاب
260 ## - PUBLICATION, DISTRIBUTION, ETC. (IMPRINT)
-- القاهرة :
-- دار الفاروق للاستثمارات الثقافية ،
Holdings
حالة التراجع حالة الفقد حالة تلف ليس للاعارة المكان المؤقت الموقع الحالى تاريخ الاكتساب اجمالي اﻻعارات رقم الطلب الباركود تاريخ اخر مشاهدة تاريخ تفعيل السعر نوع وعاء كوها
        مكتبة القاهرة الكبرى مكتبة القاهرة الكبرى 03/31/2015   551 ط/د ك 160012 03/31/2015 03/31/2015 كتاب

Powered By

EGPV